000 00592nam a2200241 a 4500
001 0001-1353
003 ELIB.Books
008 151028 2010 eng
020 _a0824511417
035 _a(ELIB.Books)0001-1508
092 _a264.34
_bWin
100 _aWinter, Miriam Therese.
245 _aWomen Witness
260 _aNew York:
_bCrossroad
_c1992
300 _a372
_c23 Cm
500 _aC/o Par Si Thu
650 _aWomen- Prayer
856 _nKBTS: Library
_uKBTS: Elib
942 _2ddc
_cBK
990 _a1
998 _cbat
_e2015-10-28
999 _c11353
_d11353